[Event "SR 1. liga zapad 2011/2012"]
[Site "?"]
[Date "2012.03.03"]
[Round "10.6"]
[White "Sosovicka, Juraj"]
[Black "Baranek, Jozef"]
[Result "1/2-1/2"]
[WhiteElo "2198"]
[BlackElo "2152"]
[PlyCount "99"]
[EventDate "2011.??.??"]

1. e4 Nc6 2. Nf3 d5 3. exd5 Qxd5 4. Nc3 Qa5 5. d4 Bg4 6. Bb5 O-O-O 7. Bxc6 bxc6
8. Qd3 f6 9. Qe4 Bxf3 10. Qxf3 e5 11. dxe5 Qxe5+ 12. Be3 Bc5 13. O-O Bxe3 14.
fxe3 Ne7 15. Rad1 Rd6 16. e4 Ng6 17. Qe3 Qa5 18. Qh3+ Kb8 19. Rxd6 cxd6 20. Qe6
Rd8 21. Kh1 Qe5 22. Qf7 Qe7 23. Qxe7 Nxe7 24. Kg1 Kc7 25. Rf3 Kd7 26. Rh3 h6
27. Kf2 Ke6 28. Ke3 Rb8 29. b3 Rb4 30. a3 Rb8 31. Ne2 Kf7 32. Nd4 c5 33. Nf5
Nxf5+ 34. exf5 Re8+ 35. Kd3 Re1 36. Rf3 Rg1 37. Rf2 Ke7 38. Kc4 a6 39. b4 cxb4
40. axb4 Kd7 41. c3 Ra1 42. Rf3 Kc6 43. Rg3 Rf1 44. Rxg7 Rxf5 45. g4 Rf4+ 46.
Kb3 f5 47. gxf5 Rxf5 48. Rg4 Rh5 49. h4 a5 50. bxa5 1/2-1/2

[Event "SR 1. liga zapad 2011/2012"]
[Site "?"]
[Date "2012.03.03"]
[Round "10.6"]
[White "Szegi, Tamas"]
[Black "Peitl, Tomas"]
[Result "1-0"]
[WhiteElo "2246"]
[BlackElo "2214"]
[PlyCount "47"]
[EventDate "2011.??.??"]

1. e4 c6 2. Nc3 d5 3. Qf3 e6 4. d4 Nf6 5. e5 Nfd7 6. Nh3 h6 7. Nf4 Qb6 8. Bd3
Qxd4 9. Be3 Qxe5 10. O-O-O Nf6 11. Ng6 Qh5 12. Qxh5 Nxh5 13. Nxh8 Nf6 14. f3 g5
15. h4 g4 16. Bd4 Nbd7 17. fxg4 Nxg4 18. Rhf1 e5 19. Rde1 Be7 20. Bf5 Nh2 21.
Bxd7+ Bxd7 22. Rxf7 Be6 23. Rxe7+ Kxe7 24. Ng6+ 1-0

[Event "SR 1. liga zapad 2011/2012"]
[Site "?"]
[Date "2012.03.03"]
[Round "10.6"]
[White "Voros, Gellert"]
[Black "Hacik, Radomir"]
[Result "0-1"]
[WhiteElo "1992"]
[BlackElo "2158"]
[PlyCount "74"]
[EventDate "2011.??.??"]

1. e4 c6 2. d4 d5 3. Nd2 dxe4 4. Nxe4 Bf5 5. Ng3 Bg6 6. h4 h6 7. h5 Bh7 8. Nf3
e6 9. Bd3 Nf6 10. Bxh7 Nxh7 11. Bf4 Bd6 12. Bxd6 Qxd6 13. Ne4 Qd5 14. Qd3 O-O
15. a3 Nd7 16. O-O-O b5 17. g4 f5 18. Nc3 Qd6 19. Qe3 fxg4 20. Ne5 Ndf6 21.
Rdg1 Ng5 22. Nxg4 Nxg4 23. Rxg4 Rf3 24. Ne4 Rxe3 25. Nxd6 Re2 26. f4 Nf3 27. c3
Rf8 28. Rh3 Nh2 29. Rgh4 Nf1 30. Rf3 Ne3 31. Rh1 Nd5 32. f5 Ne7 33. Rhf1 exf5
34. Nxf5 Nxf5 35. Rxf5 Rfe8 36. Rc5 Rh2 37. Rff5 Re1# 0-1

[Event "SR 1. liga zapad 2011/2012"]
[Site "?"]
[Date "2012.03.04"]
[Round "11.1"]
[White "Doucha, Ludvik"]
[Black "Hajek, Lukas"]
[Result "0-1"]
[WhiteElo "2102"]
[BlackElo "2038"]
[PlyCount "40"]
[EventDate "2011.??.??"]

1. e4 e6 2. d4 d5 3. e5 c5 4. dxc5 Nc6 5. Nf3 Bxc5 6. Bd3 f6 7. exf6 Nxf6 8.
O-O O-O 9. c4 Qd6 10. Nc3 a6 11. Bg5 Ng4 12. h3 Nd4 13. hxg4 Nxf3+ 14. gxf3
Qg3+ 15. Kh1 Qh3+ 16. Kg1 Rxf3 17. Qxf3 Qxf3 18. Be2 Qg3+ 19. Kh1 Qh3+ 20. Kg1
Bd6 0-1

[Event "SR 1. liga zapad 2011/2012"]
[Site "?"]
[Date "2012.03.04"]
[Round "11.1"]
[White "Hertel, Ondrej"]
[Black "Srna, Jan"]
[Result "1/2-1/2"]
[WhiteElo "2073"]
[BlackElo "2002"]
[PlyCount "60"]
[EventDate "2011.??.??"]

1. d4 e6 2. Nf3 f5 3. g3 Nf6 4. Bg2 d5 5. O-O Bd6 6. b3 Qe7 7. Bb2 O-O 8. c4 c6
9. Nbd2 b6 10. Rc1 a5 11. a4 Bb7 12. Ne5 Nfd7 13. f4 Nf6 14. e3 Bb4 15. Rc2 Ne4
16. Nxe4 dxe4 17. g4 Nd7 18. Nxd7 Qxd7 19. gxf5 exf5 20. Bh3 g6 21. Rg2 Kf7 22.
Qc2 Rae8 23. Ba1 Rg8 24. Qb2 Qe7 25. Kh1 Ba3 26. Qa2 Bb4 27. Rfg1 Bc8 28. Rg3
Be6 29. Qg2 Qd8 30. Rg5 Be7 1/2-1/2

[Event "SR 1. liga zapad 2011/2012"]
[Site "?"]
[Date "2012.03.04"]
[Round "11.1"]
[White "Kimerling, Martin"]
[Black "Szitkey, Milan"]
[Result "1/2-1/2"]
[WhiteElo "2015"]
[BlackElo "2147"]
[PlyCount "28"]
[EventDate "2011.??.??"]

1. d4 Nf6 2. c4 g6 3. Nc3 d5 4. cxd5 Nxd5 5. e4 Nxc3 6. bxc3 Bg7 7. Bc4 O-O 8.
Ne2 Nc6 9. O-O Na5 10. Bd3 c5 11. Be3 cxd4 12. cxd4 Nc6 13. Bc4 Na5 14. Bd3 Nc6
1/2-1/2

[Event "SR 1. liga zapad 2011/2012"]
[Site "?"]
[Date "2012.03.04"]
[Round "11.1"]
[White "Lukac, Roman"]
[Black "Frindt, Kornel"]
[Result "1-0"]
[WhiteElo "2165"]
[BlackElo "2223"]
[PlyCount "85"]
[EventDate "2011.??.??"]

1. e4 c5 2. Nf3 Nc6 3. d4 cxd4 4. Nxd4 Nf6 5. Nc3 e5 6. Ndb5 d6 7. Bg5 a6 8.
Bxf6 gxf6 9. Na3 b5 10. Nd5 Bg7 11. c3 f5 12. exf5 Bxf5 13. Nc2 O-O 14. Nce3
Bd7 15. Bd3 f5 16. Bc2 Ra7 17. O-O e4 18. f4 exf3 19. Qxf3 Ne5 20. Qg3 Ng6 21.
Nxf5 Bc6 22. Bb3 Kh8 23. Qe3 Qa8 24. Nxg7 Rxg7 25. Rxf8+ Nxf8 26. Rd1 Nd7 27.
g3 Ne5 28. Qh6 Qa7+ 29. Qe3 Qd7 30. Nf6 Nf3+ 31. Kf2 Qf5 32. Rxd6 Nxh2+ 33. Qf4
Qxf4+ 34. gxf4 Rg2+ 35. Ke3 Nf1+ 36. Kd4 Bf3 37. Rxa6 h5 38. Ra7 Rg7 39. Ra5
Rb7 40. Ke5 h4 41. Ra8+ Kg7 42. Rg8+ Kh6 43. Bc2 1-0

[Event "SR 1. liga zapad 2011/2012"]
[Site "?"]
[Date "2012.03.04"]
[Round "11.1"]
[White "Michal, Silvio"]
[Black "Puchart, Vladimir"]
[Result "1/2-1/2"]
[WhiteElo "2108"]
[BlackElo "2079"]
[PlyCount "71"]
[EventDate "2011.??.??"]

1. c4 Nf6 2. Nc3 c5 3. Nf3 g6 4. g3 Bg7 5. Bg2 O-O 6. O-O Nc6 7. d4 cxd4 8.
Nxd4 Qa5 9. Nb3 Qb4 10. c5 Na5 11. e4 Nxb3 12. Qxb3 Qxc5 13. Be3 Qa5 14. Qb5
Qd8 15. h3 d6 16. e5 dxe5 17. Rfd1 Qe8 18. Qa5 e4 19. Rac1 Bd7 20. Nxe4 Nxe4
21. Bxe4 Bxb2 22. Rc7 Bxh3 23. Bxb7 Rd8 24. Rb1 Bf6 25. Qxa7 Rd6 26. Bc5 Rd2
27. Bf3 Be6 28. a4 Qd8 29. Qb7 Qd3 30. a5 Bd4 31. Bxd4 Qxd4 32. Qb6 Qd3 33. Qb7
Qd4 34. Qb6 Qd3 35. Qb7 Qd4 36. Qb6 1/2-1/2

[Event "SR 1. liga zapad 2011/2012"]
[Site "?"]
[Date "2012.03.04"]
[Round "11.1"]
[White "Miklas, Marian"]
[Black "Janos, Ivan"]
[Result "1/2-1/2"]
[WhiteElo "2143"]
[BlackElo "2142"]
[PlyCount "94"]
[EventDate "2011.??.??"]

1. Nf3 Nf6 2. c4 c5 3. g3 Nc6 4. Nc3 d5 5. cxd5 Nxd5 6. Bg2 e5 7. Nxe5 Nxc3 8.
Nxc6 Nxd1 9. Nxd8 Nxf2 10. Nxf7 Nxh1 11. Nxh8 Nxg3 12. hxg3 Bd6 13. Kf2 Be6 14.
Bxb7 Rb8 15. Be4 Kd7 16. d3 Rxh8 17. Bf4 Rf8 18. Ke3 Be7 19. Rh1 Bf6 20. b3 h6
21. Kd2 a5 22. Rc1 Be7 23. Be3 Rc8 24. Bb7 Rc7 25. Ba6 Bd6 26. Bb5+ Ke7 27. Bf4
g5 28. Bxd6+ Kxd6 29. Bc4 Bf5 30. Rf1 Ke5 31. e4 Bg6 32. Ke3 Rc8 33. Rd1 Rf8
34. d4+ cxd4+ 35. Rxd4 Rf3+ 36. Kxf3 Kxd4 37. Bd5 Bh5+ 38. Kf2 Bd1 39. a3 Bc2
40. b4 axb4 41. axb4 Ba4 42. Ke2 Bb5+ 43. Kf3 Ke5 44. Bf7 Bc6 45. Bg6 Kf6 46.
Bf5 h5 47. Ke3 Ke5 1/2-1/2

[Event "SR 1. liga zapad 2011/2012"]
[Site "?"]
[Date "2012.03.04"]
[Round "11.1"]
[White "Tibensky, Robert"]
[Black "Lanc, Alois"]
[Result "0-1"]
[WhiteElo "2410"]
[BlackElo "2367"]
[PlyCount "78"]
[EventDate "2011.??.??"]

1. d4 d5 2. c4 c6 3. Nf3 Nf6 4. Qc2 dxc4 5. Qxc4 Bf5 6. g3 e6 7. Bg2 Nbd7 8.
Nc3 Be7 9. O-O O-O 10. e3 h6 11. Qe2 Ne4 12. Nd2 Nxd2 13. Bxd2 e5 14. dxe5 Nxe5
15. e4 Bg4 16. f3 Be6 17. b3 b5 18. Be3 a5 19. Rfd1 Qb8 20. Qc2 a4 21. Ne2 Rd8
22. Nd4 Bd7 23. Kh1 c5 24. Nf5 Bf6 25. Rab1 axb3 26. axb3 c4 27. f4 cxb3 28.
Qxb3 Nc4 29. Rxd7 Rxd7 30. e5 Ra3 31. Qxc4 Rd1+ 32. Rxd1 bxc4 33. exf6 g6 34.
Nxh6+ Kh7 35. Ng4 Qe8 36. Re1 c3 37. Ne5 c2 38. Bd2 Qd8 39. Nc4 Rd3 0-1

[Event "SR 1. liga zapad 2011/2012"]
[Site "?"]
[Date "2012.03.04"]
[Round "11.2"]
[White "Bury, Rastislav"]
[Black "Rohacek, Miroslav"]
[Result "0-1"]
[WhiteElo "2173"]
[BlackElo "2297"]
[PlyCount "48"]
[EventDate "2011.??.??"]

1. e4 e5 2. Nf3 Nc6 3. Bb5 f5 4. d4 fxe4 5. Nxe5 Nxe5 6. dxe5 c6 7. Bc4 Qa5+ 8.
Nc3 Qxe5 9. O-O d5 10. f4 Bc5+ 11. Kh1 Qf5 12. Bxd5 cxd5 13. Nxd5 Kf7 14. b4
Bb6 15. h3 Be6 16. Nxb6 axb6 17. Qd4 Qb5 18. Bb2 Nf6 19. f5 Bxa2 20. g4 e3 21.
Kg1 Rad8 22. Qf4 Bd5 23. g5 Qe2 24. gxf6 Qg2# 0-1

[Event "SR 1. liga zapad 2011/2012"]
[Site "?"]
[Date "2012.03.04"]
[Round "11.2"]
[White "Diviak, Rastislav"]
[Black "Bednar, Jan"]
[Result "0-1"]
[WhiteElo "2020"]
[BlackElo "2128"]
[PlyCount "140"]
[EventDate "2011.??.??"]

1. e4 e5 2. Nf3 Nc6 3. Bb5 a6 4. Ba4 Nf6 5. O-O Be7 6. Re1 b5 7. Bb3 d6 8. c3
O-O 9. h3 Na5 10. Bc2 c5 11. d4 Qc7 12. Nbd2 Re8 13. Nf1 Bf8 14. d5 c4 15. Bg5
Nd7 16. Ng3 f6 17. Be3 g6 18. Qd2 Nc5 19. Nh2 Bg7 20. f4 exf4 21. Bxf4 Nd7 22.
Nf3 Ne5 23. Nxe5 fxe5 24. Be3 Rf8 25. Rf1 Bd7 26. Rxf8+ Rxf8 27. Rf1 Rxf1+ 28.
Nxf1 Nb7 29. Qf2 Nc5 30. Nd2 Qc8 31. a3 Qf8 32. Qxf8+ Kxf8 33. Nf3 Ke7 34. Kf2
h6 35. g4 Nb7 36. Nh4 Be8 37. Kg3 Nc5 38. Nf3 Bf7 39. h4 Be8 40. Ne1 Nd7 41.
Nf3 Nf6 42. Nh2 Nd7 43. Nf3 Nc5 44. Ne1 a5 45. Nf3 Kd7 46. Nd2 Kc7 47. a4 Kb6
48. Bd1 Ka6 49. Bxc5 dxc5 50. axb5+ Bxb5 51. Be2 Bf8 52. Bxc4 a4 53. Kf3 Be7
54. h5 gxh5 55. gxh5 Bg5 56. Ke2 Kb6 57. Bxb5 Kxb5 58. Kd3 Bf4 59. Nc4 Ka6 60.
Nd6 Kb6 61. Kc4 Bg5 62. b4 cxb4 63. Kxb4 Be7 64. Kxa4 Bxd6 65. Kb3 Kc5 66. Kc2
Kc4 67. Kd2 Bb8 68. Ke3 Kxc3 69. Kf3 Kd4 70. Kg4 Kxe4 0-1

[Event "SR 1. liga zapad 2011/2012"]
[Site "?"]
[Date "2012.03.04"]
[Round "11.2"]
[White "Hanzluvka, Peter"]
[Black "Helbich, Branislav"]
[Result "1-0"]
[WhiteElo "1987"]
[BlackElo "2036"]
[PlyCount "85"]
[EventDate "2011.??.??"]

1. e4 e5 2. Nf3 Nc6 3. Bb5 Nf6 4. O-O Be7 5. Re1 d6 6. d4 exd4 7. Nxd4 Bd7 8.
Nxc6 bxc6 9. Bd3 O-O 10. b3 Bg4 11. Qd2 Nd7 12. h3 Be6 13. f4 f5 14. Nc3 Nc5
15. Bf1 Bh4 16. Re2 Qf6 17. e5 dxe5 18. fxe5 Qg6 19. Ba3 Rfd8 20. Qe3 Nd7 21.
Rd1 Qf7 22. Qf3 Nb6 23. Red2 Nd5 24. Nxd5 cxd5 25. Qf4 Be7 26. Bxe7 Qxe7 27. c4
dxc4 28. Rxd8+ Rxd8 29. Rxd8+ Qxd8 30. Bxc4 Qd7 31. Kf2 g6 32. Ke3 c5 33. g4
fxg4 34. hxg4 Qe7 35. g5 Qd7 36. Qe4 Kf7 37. Qf3+ Kg8 38. Bxe6+ Qxe6 39. Qa8+
Kg7 40. Qxa7+ Kg8 41. Qb8+ Kg7 42. Qc7+ Kg8 43. Qd8+ 1-0

[Event "SR 1. liga zapad 2011/2012"]
[Site "?"]
[Date "2012.03.04"]
[Round "11.2"]
[White "Machalova, Erika"]
[Black "Jozefek, Michal"]
[Result "1/2-1/2"]
[WhiteElo "2102"]
[BlackElo "1910"]
[PlyCount "66"]
[EventDate "2011.??.??"]

1. d4 Nf6 2. c4 e6 3. Nc3 Bb4 4. Qc2 c5 5. dxc5 Na6 6. a3 Bxc3+ 7. Qxc3 Nxc5 8.
Nf3 O-O 9. b4 Nce4 10. Qc2 d5 11. Bb2 Ng4 12. Bd4 e5 13. h3 Ngxf2 14. Bxf2 Nxf2
15. Kxf2 e4 16. Rd1 exf3 17. exf3 Qe7 18. Rxd5 Be6 19. Rd4 a5 20. Qc3 axb4 21.
axb4 Ra2+ 22. Rd2 Rxd2+ 23. Qxd2 Bxc4 24. Bxc4 Qh4+ 25. g3 Qxc4 26. Rc1 Qe6 27.
Kg2 h6 28. Rc7 Ra8 29. Rc2 Ra3 30. Rb2 Qf6 31. f4 h5 32. h4 g6 33. Kh2 Kg7
1/2-1/2

[Event "SR 1. liga zapad 2011/2012"]
[Site "?"]
[Date "2012.03.04"]
[Round "11.2"]
[White "Machalova, Veronika"]
[Black "Polasek, Filip"]
[Result "1-0"]
[WhiteElo "2209"]
[BlackElo "2123"]
[PlyCount "51"]
[EventDate "2011.??.??"]

1. e4 e5 2. Nf3 Nc6 3. Bb5 a6 4. Ba4 Nf6 5. d3 b5 6. Bb3 Be7 7. O-O O-O 8. c3
d5 9. Qe2 dxe4 10. dxe4 Bg4 11. h3 Bh5 12. Rd1 Qc8 13. Nbd2 Rd8 14. Nf1 Rxd1
15. Bxd1 Qd7 16. Bc2 Rd8 17. Ng3 Bxf3 18. Qxf3 b4 19. Nf5 bxc3 20. bxc3 Ne8 21.
Ba4 Bf6 22. Qg4 Kh8 23. Be3 Qe6 24. Bb3 Qc8 25. Bxf7 Nd6 26. Nxd6 1-0

[Event "SR 1. liga zapad 2011/2012"]
[Site "?"]
[Date "2012.03.04"]
[Round "11.2"]
[White "Maslik, Miroslav"]
[Black "Cajka, Tibor"]
[Result "1-0"]
[WhiteElo "2356"]
[BlackElo "2140"]
[PlyCount "51"]
[EventDate "2011.??.??"]

1. d4 Nf6 2. c4 c5 3. d5 b5 4. cxb5 a6 5. bxa6 g6 6. Nc3 Bxa6 7. e4 Bxf1 8.
Kxf1 d6 9. Nf3 Bg7 10. g3 O-O 11. Kg2 Nbd7 12. Qc2 Ra6 13. a4 Qa8 14. Nb5 Rc8
15. Rd1 Nb6 16. Nc3 Nfd7 17. Bg5 Kf8 18. b3 c4 19. b4 Ne5 20. Nxe5 Bxe5 21. Be3
e6 22. b5 Bxc3 23. Qxc3 Nxa4 24. Qh8+ Ke7 25. Bg5+ Kd7 26. Qf6 1-0

[Event "SR 1. liga zapad 2011/2012"]
[Site "?"]
[Date "2012.03.04"]
[Round "11.2"]
[White "Spacek, Oliver"]
[Black "Machalova, Maria"]
[Result "1-0"]
[WhiteElo "1907"]
[BlackElo "2184"]
[PlyCount "57"]
[EventDate "2011.??.??"]

1. d4 Nf6 2. c4 e6 3. g3 d5 4. Bg2 Be7 5. Nf3 O-O 6. O-O c5 7. cxd5 Nxd5 8. a3
Nc6 9. dxc5 Bxc5 10. b4 Be7 11. Bb2 Bf6 12. Qc2 a6 13. Rd1 Bxb2 14. Qxb2 Qf6
15. Qxf6 Nxf6 16. Nc3 e5 17. e3 Be6 18. Ng5 Bg4 19. Rd6 Ne8 20. Rd2 Rc8 21. Na4
Nf6 22. Nc5 a5 23. b5 Na7 24. b6 Rxc5 25. bxa7 Rb5 26. h3 Bd7 27. Rad1 Ra8 28.
Ne4 Nxe4 29. Rxd7 1-0

[Event "SR 1. liga zapad 2011/2012"]
[Site "?"]
[Date "2012.03.04"]
[Round "11.3"]
[White "Banas, Jan"]
[Black "Obona, Jan"]
[Result "1/2-1/2"]
[WhiteElo "2318"]
[BlackElo "2151"]
[PlyCount "80"]
[EventDate "2011.??.??"]
[TimeControl "180"]

1. e4 c5 2. Nf3 d6 3. c3 Nf6 4. h3 Nbd7 5. Bd3 b6 6. O-O Bb7 7. Re1 Qc7 8. Bc2
Rc8 9. d3 g6 10. Nbd2 Bg7 11. a4 a6 12. Nf1 O-O 13. Bg5 b5 14. Qd2 b4 15. Bh6
a5 16. Ng3 e6 17. Bxg7 Kxg7 18. Qe3 Ne5 19. Nh2 c4 20. d4 Nd3 21. Bxd3 cxd3 22.
cxb4 axb4 23. Qxd3 Qc2 24. Qe3 h6 25. Re2 Qc4 26. Nf3 Rc7 27. Nd2 Qa6 28. Nb3
Rfc8 29. Rd2 Qa8 30. f3 Qa7 31. Nf1 Ba6 32. d5 exd5 33. exd5 Qa8 34. Qb6 Bc4
35. Nd4 Bxf1 36. Rxf1 Qxd5 37. Qxb4 Rc4 38. Qb6 Rxa4 39. b3 Raa8 40. Rfd1 Qc5
1/2-1/2

[Event "SR 1. liga zapad 2011/2012"]
[Site "?"]
[Date "2012.03.04"]
[Round "11.3"]
[White "Belak, Stefan"]
[Black "Skreno, Vladimir"]
[Result "0-1"]
[WhiteElo "1996"]
[BlackElo "2178"]
[PlyCount "104"]
[EventDate "2011.??.??"]
[TimeControl "180"]

1. c4 Nf6 2. Nf3 g6 3. Nc3 Bg7 4. g3 c6 5. e4 d6 6. Bg2 O-O 7. O-O e5 8. h3
Nbd7 9. d3 Qc7 10. Be3 Re8 11. Qd2 Nf8 12. Rad1 Bd7 13. d4 Rad8 14. Bg5 Ne6 15.
Be3 Bc8 16. b4 b6 17. d5 cxd5 18. exd5 Nf8 19. Qe2 Ba6 20. Nd2 Rc8 21. b5 Bb7
22. a4 N8d7 23. Na2 a5 24. bxa6 Bxa6 25. Rc1 Nc5 26. Nb4 Ra8 27. Ra1 Bc8 28.
Qd1 Bd7 29. Nc6 Bxc6 30. dxc6 e4 31. Bxc5 dxc5 32. Qc2 Qxc6 33. Rfe1 Rad8 34.
Rad1 Rd4 35. Rb1 Qe6 36. Bf1 Bh6 37. Nb3 Rd6 38. a5 Qc8 39. axb6 Rxb6 40. Rbd1
e3 41. f4 e2 42. Rxe2 Rxe2 43. Bxe2 Qxh3 44. Rd3 Ng4 45. Bf1 Qh5 46. Rd5 Ne3
47. Rd8+ Bf8 48. Qd3 Qf3 49. Nd2 Qxg3+ 50. Kh1 Nxf1 51. Nxf1 Qxd3 52. Rxd3 Rf6
0-1

[Event "SR 1. liga zapad 2011/2012"]
[Site "?"]
[Date "2012.03.04"]
[Round "11.3"]
[White "Gombar, Peter"]
[Black "Martiska, Peter"]
[Result "0-1"]
[WhiteElo "2033"]
[BlackElo "2281"]
[PlyCount "96"]
[EventDate "2011.??.??"]
[TimeControl "180"]

1. e4 c6 2. d4 d5 3. Nc3 dxe4 4. Nxe4 Nf6 5. Nxf6+ exf6 6. Nf3 Bd6 7. Be2 O-O
8. O-O Re8 9. Be3 Nd7 10. c4 Nf8 11. Qc2 Ng6 12. Bd3 Bg4 13. Nd2 Bc7 14. g3 Qd7
15. Rfe1 b6 16. Nf1 Re7 17. Be2 Rae8 18. Bxg4 Qxg4 19. Qe2 Qxd4 20. Bxd4 Rxe2
21. Rxe2 Rxe2 22. Ne3 Rd2 23. Bc3 Rd7 24. Rd1 Rxd1+ 25. Nxd1 Be5 26. f4 Bd6 27.
Kg2 Kf8 28. Ne3 Ne7 29. Kf3 f5 30. b4 b5 31. c5 Bc7 32. Ke2 g6 33. Kd3 Ke8 34.
Bf6 Ng8 35. Bc3 Kd7 36. Bb2 Ke6 37. Nc2 h6 38. Nd4+ Kd5 39. Nf3 Ke6 40. Nd4+
Kd7 41. Nf3 Ne7 42. Be5 Bxe5 43. Nxe5+ Ke6 44. Kd4 f6 45. Nd3 g5 46. h4 gxh4
47. gxh4 h5 48. a3 Ng6 0-1

[Event "SR 1. liga zapad 2011/2012"]
[Site "?"]
[Date "2012.03.04"]
[Round "11.3"]
[White "Gorusa, Miroslav"]
[Black "Kvassay, Peter"]
[Result "0-1"]
[WhiteElo "2213"]
[BlackElo "2080"]
[PlyCount "82"]
[EventDate "2011.??.??"]
[TimeControl "180"]

1. d4 d5 2. c4 c6 3. Nc3 Nf6 4. Nf3 e6 5. e3 Nbd7 6. Qc2 Bd6 7. g4 h6 8. Rg1
dxc4 9. Bxc4 Qc7 10. h4 Nb6 11. Be2 Bd7 12. Bd2 O-O-O 13. O-O-O Kb8 14. Kb1
Nbd5 15. Na4 e5 16. dxe5 Bxe5 17. Nxe5 Qxe5 18. Nc5 Bc8 19. f4 Qc7 20. Rdf1 Nd7
21. Nxd7+ Qxd7 22. e4 Rhe8 23. Bf3 Nc7 24. Bc3 f6 25. g5 hxg5 26. hxg5 Qe7 27.
gxf6 gxf6 28. Rg6 Rf8 29. a4 Ne6 30. f5 Nd4 31. Qh2+ Ka8 32. Qg3 Ne2 33. Bxe2
Qxe4+ 34. Kc1 Qxe2 35. Qf4 Rd5 36. Re1 Qd3 37. Rxf6 Rfd8 38. Qe4 Qh3 39. Rf7
Bxf5 40. Qb4 Qh6+ 41. Bd2 Rc5+ 0-1

[Event "SR 1. liga zapad 2011/2012"]
[Site "?"]
[Date "2012.03.04"]
[Round "11.3"]
[White "Mysiak, Juraj"]
[Black "Jancovic, Peter"]
[Result "0-1"]
[WhiteElo "1808"]
[BlackElo "2149"]
[PlyCount "66"]
[EventDate "2011.??.??"]
[TimeControl "180"]

1. Nf3 Nf6 2. b3 g6 3. Bb2 Bg7 4. e3 O-O 5. Be2 a5 6. O-O d6 7. c4 e5 8. d4
Nfd7 9. Nc3 Nc6 10. Rc1 f5 11. Nd5 e4 12. Nd2 Nf6 13. Nf4 g5 14. Nh3 h6 15. Kh1
Ne7 16. a3 Ng6 17. b4 Bd7 18. b5 b6 19. Nb3 f4 20. exf4 gxf4 21. f3 Bxh3 22.
gxh3 Nh4 23. Rg1 Qd7 24. Qf1 Rae8 25. fxe4 Nxe4 26. Bg4 Qd8 27. Bf3 d5 28. cxd5
Nxf3 29. Qxf3 Ng5 30. Qg2 f3 31. Qf1 Re2 32. h4 Ne4 33. d6 Nf2+ 0-1

[Event "SR 1. liga zapad 2011/2012"]
[Site "?"]
[Date "2012.03.04"]
[Round "11.3"]
[White "Petenyi, Tamas"]
[Black "Jakubek, Peter"]
[Result "1-0"]
[WhiteElo "2347"]
[BlackElo "2144"]
[PlyCount "77"]
[EventDate "2011.??.??"]
[TimeControl "180"]

1. e4 c5 2. Nf3 a6 3. c3 e6 4. d4 d5 5. exd5 exd5 6. Bd3 c4 7. Bc2 Nf6 8. O-O
Be7 9. h3 Nc6 10. Re1 O-O 11. Nbd2 b5 12. Nf1 Qc7 13. Bg5 Be6 14. Bh4 h6 15.
Ne5 Nxe5 16. dxe5 Nh7 17. Bxe7 Qxe7 18. f4 f5 19. Qd4 Rfd8 20. Rad1 Nf8 21. Ne3
g6 22. Rd2 Bf7 23. Red1 Qb7 24. Bxf5 gxf5 25. Nxf5 Kh7 26. Qf2 Qa7 27. Nd4 Ne6
28. f5 Nxd4 29. Rxd4 Rf8 30. Qe3 Rae8 31. Re1 Qc5 32. e6 Bg8 33. Qe5 b4 34. Kh1
a5 35. Rxd5 Qf2 36. Rd7+ Rf7 37. Red1 Ree7 38. exf7 Rxe5 39. f8=N+ 1-0

[Event "SR 1. liga zapad 2011/2012"]
[Site "?"]
[Date "2012.03.04"]
[Round "11.3"]
[White "Pinter, Patrik"]
[Black "Vrbica, Ladislav"]
[Result "1-0"]
[WhiteElo "2185"]
[BlackElo "1981"]
[PlyCount "93"]
[EventDate "2011.??.??"]
[TimeControl "180"]

1. e4 c5 2. Nf3 d6 3. d4 cxd4 4. Nxd4 Nf6 5. Nc3 a6 6. Be2 e6 7. a4 Nc6 8. O-O
Be7 9. Be3 Qc7 10. Kh1 O-O 11. Nb3 b6 12. f4 Bb7 13. Bf3 Rab8 14. g4 Nd7 15. g5
Nb4 16. Qd2 Nc5 17. Nd4 Nc6 18. Nde2 Bc8 19. Ng3 b5 20. axb5 axb5 21. Qg2 b4
22. Nd1 Bd7 23. Nh5 f6 24. gxf6 Bxf6 25. e5 Nxe5 26. fxe5 Bxe5 27. Kg1 Rf7 28.
c3 bxc3 29. bxc3 Bb5 30. Rf2 Rbf8 31. Bg4 Bc6 32. Qh3 Rxf2 33. Bxf2 Bd7 34. Ra2
g6 35. Ng3 Kg7 36. Be3 Bf4 37. Bd4+ e5 38. Bf2 Ba4 39. Ne3 Bb3 40. Ra3 Qf7 41.
Qg2 Nd3 42. Ra7 Qxa7 43. Nef5+ gxf5 44. Nxf5+ Rxf5 45. Bxf5+ Kf6 46. Bxa7 Kxf5
47. Qh3+ 1-0

[Event "SR 1. liga zapad 2011/2012"]
[Site "?"]
[Date "2012.03.04"]
[Round "11.3"]
[White "Skrabakova, Katarina"]
[Black "Ondrus, Martin"]
[Result "0-1"]
[WhiteElo "2047"]
[BlackElo "2301"]
[PlyCount "54"]
[EventDate "2011.??.??"]
[TimeControl "180"]

1. e4 c5 2. Nf3 d6 3. d4 cxd4 4. Nxd4 Nf6 5. Nc3 a6 6. Be2 e5 7. Nb3 Be7 8. O-O
O-O 9. Kh1 Qc7 10. f4 b5 11. a3 Bb7 12. Bf3 Nbd7 13. f5 Rfd8 14. Qe1 Rac8 15.
g4 d5 16. exd5 Nb6 17. Na5 Bxd5 18. Nxd5 Nfxd5 19. c3 Re8 20. Qf2 Bc5 21. Qg2
Rcd8 22. Nb3 Be3 23. Qe2 e4 24. Bg2 Nc4 25. Bxe3 Ndxe3 26. Rfe1 Qf4 27. h3 h5
0-1

[Event "SR 1. liga zapad 2011/2012"]
[Site "?"]
[Date "2012.03.04"]
[Round "11.4"]
[White "Bombek, Peter"]
[Black "Dobrotka, Martin"]
[Result "1-0"]
[WhiteElo "2179"]
[BlackElo "2259"]
[PlyCount "73"]
[EventDate "2011.??.??"]

1. d4 d6 2. e4 g6 3. Nf3 Bg7 4. Nc3 c6 5. Bc4 Nf6 6. a4 O-O 7. O-O d5 8. Bd3
dxe4 9. Nxe4 Nxe4 10. Bxe4 Nd7 11. c3 Nf6 12. Bc2 Bg4 13. h3 Be6 14. Re1 Qd7
15. Bf4 Nd5 16. Bg3 Rae8 17. Qd2 Nb6 18. b3 Bf5 19. a5 Nd5 20. Bxf5 Qxf5 21. c4
Nf6 22. Qb4 Nh5 23. Qxb7 Nxg3 24. fxg3 Rb8 25. Qxc6 Rxb3 26. Rad1 Qxa5 27. Rxe7
Qa3 28. c5 Rb2 29. Qd5 Qa4 30. Rde1 Qc2 31. R7e2 Qc3 32. Rxb2 Qxb2 33. c6 Qb6
34. Qd7 Rd8 35. Re8+ Rxe8 36. Qxe8+ Bf8 37. Qd7 1-0

[Event "SR 1. liga zapad 2011/2012"]
[Site "?"]
[Date "2012.03.04"]
[Round "11.4"]
[White "Detko, Jan"]
[Black "Orgon, Dusan"]
[Result "1-0"]
[WhiteElo "2130"]
[BlackElo "2107"]
[PlyCount "101"]
[EventDate "2011.??.??"]

1. e4 e6 2. d4 d5 3. e5 c5 4. c3 Nc6 5. Be3 Nh6 6. Nf3 Nf5 7. Bd3 Nxe3 8. fxe3
Be7 9. O-O O-O 10. Qe1 Bd7 11. Nbd2 Rc8 12. Qg3 b6 13. Qh3 g6 14. Qh6 Be8 15.
h4 f5 16. h5 Rc7 17. g4 Rf7 18. hxg6 Rg7 19. gxh7+ Kh8 20. Rf2 Rg6 21. Qh1 Bf8
22. g5 Bh6 23. Kf1 Bxg5 24. Ke2 Rxh7 25. Rh2 Rgh6 26. Rxh6 Bxh6 27. Qg2 c4 28.
Bc2 b5 29. Rg1 Bh5 30. a3 Bg4 31. Kf2 a5 32. Nf1 Ne7 33. N1h2 Bh5 34. Ng5 Rg7
35. Qh3 Qe8 36. Nxe6 Rxg1 37. Kxg1 Qg6+ 38. Kf2 Bg4 39. Nxg4 fxg4 40. Bxg6 gxh3
41. Bh5 Nf5 42. Nf4 Bxf4 43. exf4 Kg7 44. Bf3 Ne7 45. Kg3 Kg6 46. Bg4 b4 47.
axb4 axb4 48. Bd7 b3 49. Kxh3 Nf5 50. Bxf5+ Kxf5 51. e6 1-0

[Event "SR 1. liga zapad 2011/2012"]
[Site "?"]
[Date "2012.03.04"]
[Round "11.4"]
[White "Gazik, Igor"]
[Black "Srvatka, Igor"]
[Result "1-0"]
[WhiteElo "2328"]
[BlackElo "2226"]
[PlyCount "107"]
[EventDate "2011.??.??"]

1. d4 d5 2. Nf3 c6 3. e3 Nf6 4. b3 Bf5 5. Bb2 h6 6. Be2 e6 7. O-O Nbd7 8. Ne5
Nxe5 9. dxe5 Nd7 10. Bd3 Bc5 11. Bxf5 exf5 12. Qd3 Qg5 13. Nd2 Rg8 14. a3 Bb6
15. c4 Nc5 16. Qc2 O-O-O 17. a4 dxc4 18. Nxc4 Bc7 19. Bd4 Rd5 20. b4 Ne6 21.
Bxa7 f4 22. Qe4 Qg4 23. Kh1 f5 24. Qf3 Qxf3 25. gxf3 b5 26. axb5 Rxb5 27. Bc5
Rd8 28. Bd6 fxe3 29. fxe3 Bb6 30. Be7 Rd3 31. Nd6+ Kd7 32. Nxb5 Kxe7 33. Nd6
Bxe3 34. Nxf5+ Kf7 35. Rad1 Rb3 36. Nxe3 Rxe3 37. f4 Re4 38. f5 Nd4 39. Rd2 h5
40. Kg2 h4 41. Rff2 Rg4+ 42. Kh3 Re4 43. Rd1 Ke8 44. e6 Ke7 45. Rg1 Kf8 46. Rg4
Re3+ 47. Kxh4 Nf3+ 48. Kh5 Ne5 49. Rg3 Re4 50. Ra2 Ke7 51. Ra7+ Kf6 52. Raxg7
Kxf5 53. e7 Nd7 54. Rf3+ 1-0